Statistics for Middle Earth Film Quotes

Click here to take the quiz!

General Stats

  • This quiz has been taken 161 times
  • The average score is 24 of 33

Answer Stats

HintAnswer% Correct
(L) 'I will take the Ring to Mordor! But I do not know the way.'Frodo Baggins
100%
(L) 'My friends, you bow to no-one'Aragorn II Elessar
98%
(L) 'And you have my bow!'Legolas Greenleaf
98%
(L) 'There's plenty enough for the both of us. May the best dwarf win!'Gimli
97%
(L) 'There's some good in the world, and it's worth fighting for!'Samwise Gamgee
93%
(H) 'I may be a burglar, but I'd like to think I'm an honest one'Bilbo Baggins
91%
(L) 'You shall not pass!'Gandalf the Grey
91%
(L) 'What about second breakfast?'Peregrin Took
91%
(H) 'There is no light, Wizard, that can defeat darkness'The Necromancer
90%
(L) 'One Ring to rule them all'The One Ring
90%
(L) 'One does not simply walk into Mordor'Boromir
88%
(L) 'Don't think he knows about second breakfast.'Meriadoc Brandybuck
88%
(L) '...and throw it [the Ring] into the fiery chasm from whence it came!'Elrond
87%
(L) 'But ______ not want to kill master!'Smeagol/Gollum
85%
(L) 'It all began with the forging of the Great Rings...'Galadriel
83%
(L) 'I am Saruman. Saruman as he should have been.'Gandalf the White
81%
(L) 'Together, my lord Sauron, we shall rule this Middle Earth'Saruman the White
75%
(L) 'I am no man'Eowyn
74%
(H) 'I...am...fire. I...am...death.'Smaug
73%
(L) 'Then it [my life] is forfeit. Release them.'Faramir
72%
(L) 'I would rather share one lifetime with you than face all the ages of this world alone'Arwen
71%
(L) 'Ride now! Ride! Ride for ruin, and the world's ending! Death!'Theoden
69%
(L) 'My business is with Isengard tonight'Treebeard
68%
(L) 'His staff! I told you to take the wizard's staff!'Grima Wormtongue
64%
(L) 'Flee! Flee! Abandon your posts!'Denethor
58%
(L) 'I would cut off your head, Dwarf, if it stood but a little higher from the ground.'Eomer
55%
(H) 'This is not a nice place to meet, Gandalf'Radagast the Brown
55%
(H) 'To cut the head off the snake'Thorin Oakenshield
55%
(H) ' I was born and bred on these waters, Master Dwarf. If I wanted to kill you, I would not do it here.'Bard the Bowman
50%
(H) 'I don't like Dwarves...but orcs I hate more'Beorn
42%
(L)(EE) 'My master, Sauron the Great, bids thee welcome.'Mouth of Sauron
42%
(L) (EE) 'Old man, do you not know death when you see it?'Witch King of Angmar
33%
(H) 'I have a wee proposition to make. Would you all mind... just sodding off!'Dain II Ironfoot
28%

Score Distribution

Percentile by Number Answered

Percent of People with Each Score

Your Score History

You have not taken this quiz